000 00541nam a2200181Ia 4500
005 20250508161732.0
008 008 250505s9999 xx 000 0 eng d
037 _aTextual
040 _aFEDL
_beng
_cFEDL
041 _aeng
_2eng
084 _a307, AND
_qFEDL
100 _aAnderson Howard R.
_9771465
245 0 _aApproaches to an understanding of world affairs
260 _aWashington, USA
_bNational Council for the Social Studies
_c1954
300 _ax,476p.
942 _cTEXL
_h307, AND
999 _c1371789
_d1371789